Fast Typing (Hex Version) 1 to 64 - Statistics

General Stats
  • This quiz has been taken 31 times
  • The average score is 59 of 100
Answer Stats
Hint Answer % Correct
# 1
100%
# 12
95%
# 2
95%
# 22
95%
# 3
95%
# 4
95%
# 5
95%
# 6
95%
# 7
95%
# 8
95%
# 9
95%
# 13
90%
# 14
90%
# 15
90%
# 16
90%
# 17
90%
# 18
90%
# 19
90%
# 20
90%
# 21
90%
# 10
85%
# 23
85%
# 24
85%
# 25
85%
# 26
85%
# 27
85%
# 28
85%
# 29
85%
# 11
80%
# 31
80%
# 32
80%
# 34
80%
# 30
75%
# 35
75%
# 36
75%
# 37
75%
# 38
75%
# 39
75%
# 42
75%
# 52
75%
# 33
70%
# 40
70%
# 41
70%
# 43
70%
# 50
70%
# 51
70%
# 53
70%
# 54
70%
# 55
70%
# 56
70%
# 44
65%
# 45
65%
# 46
65%
# 47
65%
# 48
65%
# 49
65%
# 57
65%
# 58
65%
# 59
65%
# 60
60%
# 61
60%
# 62
60%
# 63
60%
# 64
55%
# A
40%
# B
40%
# C
40%
# D
40%
# E
40%
# F
40%
# 1A
35%
# 1B
35%
# 1D
35%
# 1E
35%
# 1C
30%
# 1F
30%
# 2A
30%
# 2B
30%
# 2C
30%
# 2D
30%
# 2E
30%
# 2F
30%
# 3A
25%
# 3B
20%
# 3C
20%
# 3D
20%
# 3E
20%
# 3F
20%
# 4A
10%
# 4B
10%
# 4C
10%
# 4D
10%
# 4E
10%
# 4F
10%
# 5A
10%
# 5B
10%
# 5C
10%
# 5D
10%
# 5E
10%
# 5F
10%
No matching quizzes found
Score Distribution
Percent of People with Each Score
Percentile by Number Answered
Your Score History
You have not taken this quiz